Vyhodnocovanie spoločenského prospechu z využitých VaZN Zborník prednášok. Považská Bystrica 21.-22.6.1988
Uložené v:
| Médium: | Kniha |
|---|---|
| Jazyk: | Slovak |
| Vydavateľské údaje: |
Žilina
Dom techn. ČSVTS
1988
|
| Vydanie: | 1. vyd. |
| Tagy: |
Žiadne tagy, Buďte prvý, kto otaguje tento záznam!
|
MARC
| LEADER | 00000nam a2200000 4500 | ||
|---|---|---|---|
| 001 | c031019 | ||
| 005 | 20221219092608.8 | ||
| 041 | 0 | |a slo | |
| 044 | |a SK | ||
| 245 | 1 | 0 | |a Vyhodnocovanie spoločenského prospechu z využitých VaZN |b Zborník prednášok. Považská Bystrica 21.-22.6.1988 |
| 250 | |a 1. vyd. | ||
| 264 | 1 | |a Žilina |b Dom techn. ČSVTS |c 1988 | |
| 300 | |a 140 s. | ||